000 00807nam a2200253Ia 4500
003 OSt
005 20220923221926.0
006 a|||||r|||| 00| 0
007 ta
008 220922b |||||||| |||| 00| 0 mal d
024 _a201,156
037 _cTextual
040 _aARTS
_cARTS
_bmal
041 _2mal
_amal
082 _aO32,1M78x, 152J9
100 _aवल्लत्तोल
245 0 _aवल्लत्तोल की कविताएं
246 _aVallattol kī kavitāean
260 _aदिल्ली
_b साहित्य अकादेमी
_c1959
300 _a95पृ0
_ccm.
650 _aमलयालम साहित्य
_9156264
942 _hO32,1M78x, 152J9
_cTEXL
_2CC
999 _c352809
_d352809